Direct Job Creation in the Public Sector: The Case of Marginalised Roma in Slovakia
Gespeichert in:
| 1. Verfasser: | |
|---|---|
| Weitere Verfasser: | |
| Format: | Buchkapitel |
| Sprache: | Englisch |
| Schlagworte: | |
| Tags: |
Keine Tags, Fügen Sie das erste Tag hinzu!
|
MARC
| LEADER | 00000naa$a2200000$$$4500 | ||
|---|---|---|---|
| 001 | 0314516 | ||
| 005 | 20260126095845.6 | ||
| 041 | 0 | |a eng | |
| 044 | |a SK | ||
| 245 | 1 | 0 | |a Direct Job Creation in the Public Sector: The Case of Marginalised Roma in Slovakia |c Tomáš Šarközi, Martin Kahanec |
| 500 | |a Abstrakt | ||
| 610 | 2 | 0 | |a miesta pracovné |
| 610 | 2 | 0 | |a tvorba práce |
| 610 | 2 | 0 | |a sektor verejný |
| 610 | 2 | 0 | |a skupiny sociálne |
| 610 | 2 | 0 | |a menšiny národnostné |
| 610 | 2 | 0 | |a Rómovia |
| 610 | 2 | 0 | |a Slovensko |
| 100 | 1 | |a Šarközi, Tomáš, 1995- | |
| 700 | 1 | |a Kahanec, Martin, 1977- | |